[Event "IECC M email"]
[Site "IECC email"]
[Date "2002.03.07"]
[Round "?"]
[White "Worland, Richard"]
[Black "Noffsinger, Ginger"]
[Result "0-1"]
[WhiteElo "996"]
[BlackElo "1100"]
[PlyCount "44"]
[EventDate "2002.??.??"]
[EventType "tourn (corr)"]
[EventRounds "6"]
[SourceTitle "Corr 2008"]
[Source "ChessBase"]
[SourceDate "2008.06.24"]
[SourceVersion "1"]
[SourceVersionDate "2008.06.24"]
[SourceQuality "1"]

1. Nf3 Nf6 2. Nc3 Nc6 3. e4 e5 4. Bc4 a6 5. 0-0 Bc5 6. Ng5 d5 7. exd5 Ng4 8. Nce4 Bf5 9. Nxc5 Qxg5 10. dxc6 b6 11. Nxa6 Rc8 12. Re1 0-0 13. d4 Qh4 14. h3 Nxf2 15. Qf3 Nxh3+ 16. gxh3 Qxe1+ 17. Bf1 Be4 18. Qg4 f5 19. Qg5 h6 20. dxe5 hxg5 21. a4 Qg3+ 22. Bg2 Qxg2# 0-1